Piłka Nożna - Statystyki

Ogólne statystyki
  • Ten quiz został rozwiązany 843 razy
  • Średni wynik to 6 z 12
Statystyki odpowiedzi
Pytania Odpowiedzi % Poprawnych
Kto bronił tytuł mistrzostw świata 2022? Francja
94%
Jaki kraj najwięcej razy wygrał mundial? Brazylia
84%
Kto był pierwszym gospodarzem mundialu? Urugwaj
81%
Ile razy gozpodarz Mistrzostw Świata zdobył tytuł najlepszej drużyny? 6
74%
Do jakiego kraju należy klub , w którym gra Ronaldo? (stan początek 2023) Arabia Saudyjska
67%
Kto bronił tytułu mistrza Europy w 2021 roku? Portugalia
67%
W którym roku Anglia zdobyła mundial? 1966
49%
W którym roku odbyło się pierwsze EURO? 1960
43%
Jak się nazywa piłkarz, który strzelił najwięcej goli w histori mundialu? Miroslav Klose
29%
Jaki Jest rekord w wyniku do 0? 149:0
17%
Kiedy zmarł Pelé? (dzień, miesiąc, rok) 29 Grudnia 2022
15%
Dlaczego przestawiono Euro w 2020 roku? Przez Koronawirusa
2%
Nie znaleziono quizów pasujących do podanych kryteriów
Rozkład punktacji
Procent ludzi z każdym wynikiem
Percentyl według liczby udzielonych odpowiedzi
Twoja historia wyników
Nie rozwiązałeś tego quizu